000 00337nam a2200145Ia 4500
003 OSt
008 191201s2005 xx 000 0 und d
082 _a005.43
_bSTU
100 _aSTEVENS, W. Richard
245 0 _aUnix Network Programming
260 _aNew Delhi
_bPHI
_c2005
300 _a772
650 _aB.Tech(CSE)
942 _2ddc
_cBK
999 _c1926
_d1926